000 00269 a2200145 4500
001 160692
020 _a
040 _cMagnum
100 _a-
240 1 0 _aPaz e seguranca
_lpor
245 1 0 _aPaz e seguranca
362 0 _a1899
697 _aRELIGIAO
942 _cBK
999 _c160692
_d160692